01685nam a22003977a 4500001001000000003000500010005001700015008004100032010001100073011001100084035001100095040000900106090001000115100003600125245015800161260004100319500006000360502008500420590003700505590004100542590004100583590004100624590004200665590004100707650002000748650001800768856006400786901000700850942000900857942000600866949006300872949005800935999001900993952014001012952013501152000107272CHAP20220817044536.0240812s2012 mx r 00010 spa d a103734 a104706 a115396 cCHAP aTesis1 aHerrera Clemente, Yasser95484910aFecha de siembra y estrés de humedad en cebada maltera (Hordeum vulgare L.): Efecto en la calidad de maltah[En línea]c/por Yasser Herrera Clemente. aChapingo, Méx. :bEl autor,c2012. aPara ver el contenido del material haga clic en la liga aTesis (Ing. Agroindustrial) -- UACH. Departamento de Ingeniería Agroindustrial aALEPHb10c20130110lUCH01h1546 aBATCH-UPDb10c20130110lUCH01h1051 aBATCH-UPDb10c20140324lUCH01h1532 aBATCH-UPDb10c20141002lUCH01h0854 aCONVERSIONb10c20130109lUCH01h1357 aE11695DGDb10c20160504lUCH01h133404aCebada maltera.04aMalta.970202 3Finding aiduhttp://10.13.5.2/tesis/115396.pdfzTeclea aqui aBK cFOLL n0 aTesisbBCcTESd33724002331322eTS2fc.2h53801i115396st aTesisbBCcTESd33724002331363eTS1h53800i115396st c103734d103734 00102local4053708TESISaBCbBCcPA_TESISd2019-12-31fTESISl0oTesisp33724002331322r2019-12-31 00:00:00tc.2w2019-12-31yTESIS 00102local4051708TESISaBCbBCcPA_TESISd2019-12-31fTESISl0oTesisp33724002331363r2019-12-31 00:00:00w2019-12-31yTESIS